000 00427cam a2200145 4500500
005 20260111093707.0
041 _afre
042 _adc
100 1 0 _aMiossec, Alain
_eauthor
245 0 0 _aSubmersions…
260 _c2023.
500 _a81
786 0 _nLa Géographie | 1590 | 3 | 2023-09-01 | p. 68-68 | 1964-9002
856 4 1 _uhttps://shs.cairn.info/revue-la-geographie-2023-3-page-68?lang=fr&redirect-ssocas=7080
999 _c1627010
_d1627010